Phát triển xã hội và quản lý phát triển xã hội ở nước ta thời kỳ đổi mới : Mô hình, thực tiễn và kinh nghiệm
Nội dung cuốn sách đi sâu tìm hiểu những mô hình, thực tiễn và kinh nghiệm trong quản lý phát triển xã hội đặc biệt là một số mô hình của nước ngoài, từ đó rút ra những vấn đề cơ bản, những định hướng quan trọng và các giải pháp chu...
Đã lưu trong:
| 主要作者: | |
|---|---|
| 格式: | 圖書 |
| 語言: | Undetermined |
| 出版: |
Hà Nội
Chính trị quốc gia
2010
|
| 主題: | |
| 標簽: |
添加標簽
沒有標簽, 成為第一個標記此記錄!
|
| Thư viện lưu trữ: | Trung tâm Học liệu Trường Đại học Cần Thơ |
|---|
| LEADER | 01313nam a2200229Ia 4500 | ||
|---|---|---|---|
| 001 | CTU_159769 | ||
| 008 | 210402s9999 xx 000 0 und d | ||
| 020 | |c 62000 | ||
| 082 | |a 361.6 | ||
| 082 | |b L600 | ||
| 100 | |a Đinh, Xuân Lý | ||
| 245 | 0 | |a Phát triển xã hội và quản lý phát triển xã hội ở nước ta thời kỳ đổi mới : | |
| 245 | 0 | |b Mô hình, thực tiễn và kinh nghiệm | |
| 245 | 0 | |c Đinh Xuân Lý | |
| 260 | |a Hà Nội | ||
| 260 | |b Chính trị quốc gia | ||
| 260 | |c 2010 | ||
| 520 | |a Nội dung cuốn sách đi sâu tìm hiểu những mô hình, thực tiễn và kinh nghiệm trong quản lý phát triển xã hội đặc biệt là một số mô hình của nước ngoài, từ đó rút ra những vấn đề cơ bản, những định hướng quan trọng và các giải pháp chủ yếu để xây dựng mô hình phát triển xã hội và quản lý phát triển xã hội ở nước ta trong giai đoạn hiện nay. | ||
| 650 | |a Social sciences,Khoa học xã hội | ||
| 650 | |z Vietnam,Việt Nam | ||
| 904 | |i Thảo, Hải | ||
| 980 | |a Trung tâm Học liệu Trường Đại học Cần Thơ | ||